书目信息 |
| 题名: |
草种检验员培训教程
|
|
| 作者: | 贠旭疆 主编 ;农业部畜牧业司 , 全国畜牧总站 编 | |
| 分册: | ||
| 出版信息: | 北京 中国农业出版社 2009 |
|
| 页数: | 10,279页 | |
| 开本: | 23cm | |
| 丛书名: | ||
| 单 册: | ||
| 中图分类: | S540.32 | |
| 科图分类: | ||
| 主题词: | 牧草--种子--质量检验--教材 , 牧草 , 种子 , 质量检验 | |
| 电子资源: | ||
| ISBN: | 978-7-109-13585-7 | |
| 000 | 01042nam0 2200289 45 | |
| 001 | 1033055390 | |
| 005 | 20100407164512.10 | |
| 010 | @a978-7-109-13585-7@dCNY25.00 | |
| 100 | @a20100401d2009 em y0chiy50 ea | |
| 101 | 0 | @achi |
| 102 | @aCN@b110000 | |
| 105 | @aa zn 000yy | |
| 106 | @ar | |
| 200 | 1 | @a草种检验员培训教程@ACao Zhong Jian Yan Yuan Pei Xun Jiao Cheng@f贠旭疆主编@FYun Xu Jiang Zhu Bian@g农业部畜牧业司,全国畜牧总站编 |
| 210 | @a北京@c中国农业出版社@d2009 | |
| 215 | @a10,279页@c图@d23cm | |
| 330 | @a本书对草种检验员应当具备的法律法规、质量管理知识和草种检验专业知识作了全面、系统的阐述,是广大草种检验员国家统一考核的指导性学习读本和参考书。 | |
| 606 | 0 | @a牧草@x种子@x质量检验@j教材 |
| 606 | 0 | @a牧草 |
| 606 | 0 | @a种子 |
| 606 | 0 | @a质量检验 |
| 690 | @aS540.32@v4 | |
| 701 | 0 | @a贠旭疆@AYun Xu Jiang@f(1962~)@4主编 |
| 712 | 02 | @a农业部畜牧业司@ANong Ye Bu Xu Mu Ye Si@4编 |
| 712 | 02 | @a全国畜牧总站@AQuan Guo Xu Mu Zong Zhan@4编 |
| 801 | 0 | @aCN@bTANGWEI@c20100407 |
| 905 | @b0587901-04@dS540.32@e41@f4 | |
| 草种检验员培训教程/贠旭疆主编/农业部畜牧业司,全国畜牧总站编.-北京:中国农业出版社,2009 |
| 10,279页:图;23cm |
| ISBN 978-7-109-13585-7:CNY25.00 |
| 本书对草种检验员应当具备的法律法规、质量管理知识和草种检验专业知识作了全面、系统的阐述,是广大草种检验员国家统一考核的指导性学习读本和参考书。 |
| ● |
| 相关链接 |
|
|
|
|
正题名:草种检验员培训教程
索取号:S540.32/41
 
预约/预借
| 序号 | 登录号 | 条形码 | 馆藏地/架位号 | 状态 | 备注 |
| 1 | 0587901 | 205879012 | 第二样本阅览室/ [索取号:S540.32/41] | 在馆 | |
| 2 | 0587902 | 205879021 | 第三借阅区/ [索取号:S540.32/41] | 在馆 | |
| 3 | 0587903 | 205879030 | 第三借阅区/ [索取号:S540.32/41] | 在馆 | |
| 4 | 0587904 | 205879049 | 第三借阅区/ [索取号:S540.32/41] | 在馆 |